000 00277nam a22001217a 4500
008 181020b xxu||||| |||| 00| 0 eng d
041 _aeng
080 _a616-053.2
100 _a8
101 _aORT
245 _aThe Clinical Orthopaedic Society
_cBrown, J.E
942 _2udc
_cBK
999 _c50319
_d50319